| 000 | 00454nam a2200193Ia 4500 | ||
|---|---|---|---|
| 005 | 20250423101729.0 | ||
| 008 | 250422s9999 xx 000 0 und d | ||
| 020 | _a0070088497 | ||
| 050 | _aQC 23.B8496/ | ||
| 100 | _aBueche, F. | ||
| 245 | 0 | _aWorkbook in principles fo physics | |
| 250 | _a3rd ed. | ||
| 260 | _aNew York | ||
| 260 | _bMcGraw-Hill | ||
| 260 | _c1966 | ||
| 300 | _a212 p | ||
| 650 | _aVectors and balanced forces | ||
| 942 | _cBK | ||
| 999 |
_c37109 _d37109 |
||